| 000 | 00642cam a22002411i 4500 | ||
|---|---|---|---|
| 999 |
_c7391 _d7391 |
||
| 001 | 6104142 | ||
| 003 | GBCCL | ||
| 005 | 20241126110627.0 | ||
| 008 | 790524s1963 tnu 000 0 eng | ||
| 010 | _a 63008378 | ||
| 035 | _a(OCoLC)4997640 | ||
| 040 |
_aDLC _cOkAdE _dDLC |
||
| 042 | _apremarc | ||
| 050 | 0 | 0 |
_aBL80.2 _b.C6 |
| 082 |
_a261.2 _bCOP |
||
| 100 | 1 |
_aCopeland, Edwin Luther. _913079 |
|
| 245 | 1 | 0 | _aChristianity and world religions. |
| 260 |
_aNashville, _bConvention Press _c[1963] |
||
| 300 |
_a152 p. _c19 cm. |
||
| 650 | 0 |
_aReligions. _9261 |
|
| 906 |
_a7 _bcbc _coclcrpl _du _encip _f19 _gy-gencatlg |
||
| 942 |
_2ddc _cBK _013 |
||